000 00648cam a2200217 a 4500
001 46510
003 BD-RjUL
005 20211209054149.0
008 160802r19661936nyu 00100 eng d
035 _a(BD-RjUL)46629
040 _aANL
_beng
_dANL
_dBD-RjUL
_cBD-RjUL
041 _aeng
082 _223
_a364.973
_bGLC 1966
100 1 _aGlueck, Sheldon
_d1896-1980.
_9139996
245 1 0 _aCrime and justice /
_cby Sheldon Glueck.
260 _aNew York :
_bKraus,
_c1936 [reprint1966]
300 _aviii, 349 p. ;
_c24 cm.
500 _aIncludes indexes.
650 0 _aCriminal justice, Administration of
_zUnited States.
_9141902
942 _2ddc
_cBK
999 _c46510
_d46510